Algoritmizace a programování v "C" /

Korporativní autor: Česká zemědělská univerzita v Praze. Katedra informačních technologií
Další autoři: Brechlerová, Dagmar
Jazyk: Čeština
Vydáno: V Praze : Česká zemědělská univerzita, Provozně ekonomická fakulta, 2006
Vydání: Vyd. 1.
Témata:
Externí odkaz: Digitalizovaný dokument
Fyzický popis: 2 sv. ; 29 cm
Odebírané svazky: 1-
Knihy
Uloženo v:
LEADER 02057nam a2200505 aa4500
001 nkc20071709219
003 CZ PrNK
005 20210330124855.0
007 ta
008 070216s2006 xr e p 000 0 cze
015 |a cnb001709219 
020 |a 80-213-1599-7  |q (1. díl ;  |q brož.) :  |c Kč 137,00 
035 |a (OCoLC)124091727 
040 |a BOA001  |b cze  |d ABA001 
072 7 |a 004.4/.6  |x Programování. Software  |2 Konspekt  |9 23 
072 7 |a 37.016  |x Učební osnovy. Vyučovací předměty. Učebnice  |2 Konspekt  |9 22 
080 |a 004.42  |2 MRF 
080 |a 004.421  |2 MRF 
080 |a 004.438C  |2 MRF 
080 |a (075.8)  |2 MRF 
245 0 0 |a Algoritmizace a programování v "C" /  |c Dagmar Brechlerová ... [et al.] 
250 |a Vyd. 1. 
260 |a V Praze :  |b Česká zemědělská univerzita, Provozně ekonomická fakulta,  |c 2006 
300 |a 2 sv. ;  |c 29 cm 
500 |a Pod názvem: Česká zemědělská univerzita, Provozně ekonomická fakulta, katedra informačních technologií 
500 |a 300 výt. 
504 |a Obsahuje bibliografii 
505 1 |a 1. díl. 2006. 268 s. 
521 8 |a Určeno pro posluchače oboru Info, SYI 
650 0 7 |a programování  |7 ph115891  |2 czenas 
650 0 7 |a algoritmizace  |7 ph118348  |2 czenas 
650 0 7 |a C (programovací jazyk)  |7 ph116955  |2 czenas 
650 0 9 |a programming  |2 eczenas 
650 0 9 |a algorithmization  |2 eczenas 
650 0 9 |a C (computer program language)  |2 eczenas 
655 7 |a učebnice vysokých škol  |7 fd133772  |2 czenas 
655 9 |a textbooks (higher)  |2 eczenas 
700 1 |a Brechlerová, Dagmar  |7 ola2003188550  |4 aut 
710 2 |a Česká zemědělská univerzita v Praze.  |b Katedra informačních technologií  |7 kn20020321649 
856 4 1 |u http://www.digitalniknihovna.cz/mzk/uuid/uuid:e70e61e0-e0a3-11e7-adb0-005056825209  |y Digitalizovaný dokument  |x NDK 
910 2 |a BOA001  |b 3-1181.562  |s 1-  |t v 
990 |a BK 
995 |a 01 
991 |b 200703  |c NOV 
996 6 |b 2610303635  |c 3-1181.562  |d 1. díl  |v 1  |l MZK  |r Sklad / do 1 hodiny  |n 3  |p p.v.  |w 000842106  |u 000010  |a 1  |e BOA001  |j MZK50  |s P